书目信息 |
| 题名: |
网球双打球技宝典
|
|
| 作者: | 吴守煊 , 吴文胜 编著 | |
| 分册: | ||
| 出版信息: | 北京 北京体育大学出版社 2010 |
|
| 页数: | 154页 | |
| 开本: | 21cm | |
| 丛书名: | ||
| 单 册: | ||
| 中图分类: | G845.19 | |
| 科图分类: | ||
| 主题词: | 网球运动--双打项目--运动技术 , 网球运动 , 双打项目 , 运动技术 | |
| 电子资源: | ||
| ISBN: | 978-7-5644-0425-3 | |
| 000 | 00927nam0 2200277 45 | |
| 001 | 1132083390 | |
| 005 | 20110314090641.17 | |
| 010 | @a978-7-5644-0425-3@dCNY14.00 | |
| 100 | @a20110120d2010 em y0chiy50 ea | |
| 101 | 0 | @achi |
| 102 | @aCN@b110000 | |
| 105 | @aa z 000yy | |
| 106 | @ar | |
| 200 | 1 | @a网球双打球技宝典@AWang Qiu Shuang Da Qiu Ji Bao Dian@f吴守煊,吴文胜编著@FWu Shou Xuan, Wu Wen Sheng Bian Zhu |
| 210 | @a北京@c北京体育大学出版社@d2010 | |
| 215 | @a154页@c照片,图@d21cm | |
| 330 | @a本书分四部分,内容包括:完善技术,把握要领、晋级提高,掌握绝招、分析战术,灵活运用、调整心理,科学训练。 | |
| 606 | 0 | @a网球运动@x双打项目@x运动技术 |
| 606 | 0 | @a网球运动 |
| 606 | 0 | @a双打项目 |
| 606 | 0 | @a运动技术 |
| 690 | @aG845.19@v4 | |
| 701 | 0 | @a吴守煊@AWu Shou Xuan@4编著 |
| 701 | 0 | @a吴文胜@AWu Wen Sheng@c(网球)@4编著 |
| 801 | 0 | @aCN@bTANGWEI@c20110314 |
| 905 | @b0532430-33@dG845.19@e361@f4 | |
| 网球双打球技宝典/吴守煊,吴文胜编著.-北京:北京体育大学出版社,2010 |
| 154页:照片,图;21cm |
| ISBN 978-7-5644-0425-3:CNY14.00 |
| 本书分四部分,内容包括:完善技术,把握要领、晋级提高,掌握绝招、分析战术,灵活运用、调整心理,科学训练。 |
| ● |
| 相关链接 |
|
|
|
|
正题名:网球双打球技宝典
索取号:G845.19/361
 
预约/预借
| 序号 | 登录号 | 条形码 | 馆藏地/架位号 | 状态 | 备注 |
| 1 | 0532430 | 205324308 | 第一样本阅览室/ [索取号:G845.19/361] | 在馆 | |
| 2 | 0532431 | 205324317 | 密集书库-体育系/ [索取号:G845.19/361] | 在馆 | |
| 3 | 0532432 | 205324326 | 第四借阅区/ [索取号:G845.19/361] | 在馆 | |
| 4 | 0532433 | 205324335 | 第四借阅区/ [索取号:G845.19/361] | 在馆 |